| 000 | 03029nam a22002537a 4500 | ||
|---|---|---|---|
| 005 | 20260410075802.0 | ||
| 008 | 260408t2026 xxk|||||o|||| 00| 0 eng d | ||
| 041 | _aeng | ||
| 110 | _aRoyal Institution of Chartered Surveyors | ||
| 245 |
_aParty wall legislation and procedure, 8th edition consultation _h[Electronic resource] |
||
| 260 |
_aLondon, _bRoyal Institution of Chartered Surveyors, _c8 April 2026 |
||
| 300 | _a34p. | ||
| 490 | _aRICS Consultation | ||
| 520 | _aThis document sets out best practice guidance for RICS members involved in matters where the Party Wall etc. Act 1996 applies. The guidance explains when the Act is relevant to construction works in England and Wales and outlines the necessary procedures where statutory requirements are triggered. Under the Act, the term ‘surveyor’ refers to any independent individual appointed under section 10 to resolve disputes. The document clarifies both the advisory role surveyors play in the early stages of party wall matters and their statutory duties once formally appointed. Surveyors are expected to demonstrate appropriate technical competence and to meet RICS’ requirements for skill, care and diligence. The guidance focuses solely on processes connected to the Act but notes that additional legal or practical considerations may be relevant when building near a boundary. Importantly, it emphasises that a party wall surveyor’s appointment is personal and statutory, independent of client instruction. Finally, the document highlights concerns arising from appeals where awards were deemed invalid because surveyors acted without proper jurisdiction – often in cases where no genuine dispute existed between the parties – underscoring the need for strict compliance with the Act’s requirements. We rely on the technical input of our members and other stakeholders to ensure the accuracy, quality, practicality and relevance of our standards and guidance. This a complex area of practice and recent challenges and appeals have highlighted the need for greater clarity and rigour. Your views will help us test whether the guidance supports competence, consistency and confidence for practitioners, reinforces the personal and statutory nature of the surveyor’s role, and appropriately addresses risks arising where the Act is misapplied. Consultation opened 8 April 2026 closes 5 June 2026. Response to be published 2 November 2026 | ||
| 650 | _aPARTY WALL ETC ACT 1996 | ||
| 650 | _aNEIGHBOUR DISPUTES | ||
| 650 | _aPARTY WALLS | ||
| 651 | _aUnited Kingdom | ||
| 690 |
_aParty walls _96258 |
||
| 710 | _aRoyal Institution of Chartered Surveyors | ||
| 856 |
_uhttps://consultations.rics.org/gf2.ti/-/1866146/283446181.1/PDF/-/Party%20wall%20legislation%20_%20procedure%20sections%201-11.pdf _zView the consultation document on RICS.org |
||
| 856 |
_uhttps://consultations.rics.org/party_walls_8th_edition_guidance/consultationHome _zView the RICS iConsult homepage on Party Walls 8th edition |
||
| 942 | _n0 | ||
| 999 |
_c122343 _d122343 |
||